• 首页
  • 本馆介绍
  • 公告通知
  • 最新文献
  • 馆藏检索
  • 电子资源
  • 读者导购
  • 参考咨询
  • 我的图书馆
  • 登录
  • 详细信息显示
  • 放入我的书架
  • 预约/预借图书
  • 作者相关作品
  • 分类相关作品
  • 丛书相关作品
  • 出版社相关作品

书目信息

  • 表格格式
  • 工作单格式
  • 卡片格式
题名:
运输与运输管理
    
 
作者: 韩景丰 主编
分册:  
出版信息: 重庆   重庆大学出版社  2006
页数: 215页
开本: 23cm
丛书名:
单 册:
中图分类: F50
科图分类:
主题词: 货物运输--交通运输管理--高等教育--教材 , 货物运输 , 交通运输管理
电子资源:
ISBN: 7-5624-3593-6
000 00899nam0 2200253 450
001 1261501859
005 20121004170546.79
010    @a7-5624-3593-6@dCNY19.00
100    @a20060104d2006 em y0chiy50 ea
101 0  @achi
102    @aCN@b500000
105    @ay z 000yy
200 1  @a运输与运输管理@Ayun shu yu yun shu guan li@f韩景丰主编
210    @a重庆@c重庆大学出版社@d2006
215    @a215页@d23cm
300    @a高职高专物流管理系列教材
330    @a本书主要包括运输实务和运输管理两大模块。运输实务部分主要介绍了运输概述、铁路货物运输、水路货物运输、航空货物运输等;运输管理部分重点介绍了运输决策、运输企业经营与管理、运输代理和运输信息系统等内容。
606 0  @a货物运输@x交通运输管理@x高等教育@j教材
606 0  @a货物运输
606 0  @a交通运输管理
690    @aF50@v4
701  0 @a韩景丰@Ahan jing feng@f(1971~)@4主编
801  0 @aCN@bNLC@c20101222
905    @a10447@dF50@eJY14
    
    运输与运输管理/韩景丰主编.-重庆:重庆大学出版社,2006
    215页;23cm
    高职高专物流管理系列教材
    
    ISBN 7-5624-3593-6:CNY19.00
    本书主要包括运输实务和运输管理两大模块。运输实务部分主要介绍了运输概述、铁路货物运输、水路货物运输、航空货物运输等;运输管理部分重点介绍了运输决策、运输企业经营与管理、运输代理和运输信息系统等内容。
●
相关链接 在E读中查询图书 在五车中查询图书 在当当中查询图书 在豆瓣中查询图书


正题名:运输与运输管理     索取号:F50/JY14         预约/预借

序号 登录号 条形码 馆藏地/架位号 状态 备注
1 7813911   278139113   学院路分馆/ [索取号:F50/JY14] 在馆    
2 7813912   278139122   学院路分馆/ [索取号:F50/JY14] 在馆    
唐山师范学院图书馆 欢迎您!
大连网信软件有限公司© 版权所有